01396cam a2200361 a 4500001001400000003000800014005001700022006001900039007001500058008004100073020003800114040003000152049002600182050002200208082001700230111009200247245014800339260004300487300004300530504005300573521001700626588004700643650003300690650005600723655002900779700002800808700002200836710001600858776003500874856009000909942001600999999001901015EDZ0000159372StDuBDS20161031105251.0m||||||||d||||||||cr |||||||||||130912s1997 caua fo| 101|0|eng d a9781483328058 (ebook) :cNo price aStDuBDSbengcStDuBDSepn aAlfaisal Main Library 0aHV6626b.O87 199704a362.82922232 aInternational Family Violence Research Conferencen(4th :cUniversity of New Hampshire)10aOut of the darknessh[electronic resource] :bcontemporary perspectives on family violence /cGlenda Kaufman Kantor, Jana L. Jasinski, editors. aThousand Oaks, Calif. :bSAGE,cc1997. a1 online resource (xi, 332 p.) :bill. aIncludes bibliographical references and indexes. aSpecialized. aDescription based on print version record. 0aFamily violencevCongresses. 0aFamily violencexResearchxMethodologyvCongresses. 7aElectronic books.2local1 aKantor, Glenda Kaufman.1 aJasinski, Jana L.2 aSage eBooks08iPrint version :z978076190775640uhttp://ezproxy.alfaisal.edu/login?url=http://sk.sagepub.com/books/out-of-the-darkness 2lcccEBOOKS c483056d483056